El Monasterio y el Claustro de Santa María de l'Estany / E. Junyent, Pbro.
Descripción Física:
32 p. : il. ; 22 cm
Otros Autores:
Monasterio de Santa María de l'Estany
Materias:
Monasterio de Santa María de l'Estany
MARC
| LEADER | 00000nam a2200000Ia 4500 | ||
|---|---|---|---|
| 001 | 21950 | ||
| 008 | 160829s9999 xx 000 0 cat d | ||
| 080 | |a FU-47-60 | ||
| 100 | 1 | |a Junyent, Eduard, |d 1901-1978 |9 29498 | |
| 245 | |a El Monasterio y el Claustro de Santa María de l'Estany / E. Junyent, Pbro. | ||
| 260 | |a Castelltersol : |b Gráficas A. Cirera, [196-?] | ||
| 300 | |a 32 p. : |b il. ; |c 22 cm | ||
| 590 | |a Prové de S-5 | ||
| 650 | |a Monasterio de Santa María de l'Estany |9 47046 | ||
| 700 | |a Monasterio de Santa María de l'Estany |9 47046 | ||
| 901 | |a Arxiu | ||
| 942 | |n 1 | ||
| 952 | |0 0 |1 0 |4 0 |6 FU4760 |7 1 |9 53626 |a Arxiu |b Arxiu |d 2016-12-01 |l 0 |o FU-47-60 |p 21950 |r 2016-12-01 00:00:00 |w 2016-12-01 |y ARXIU | ||
| 999 | |c 57492 |d 57492 | ||